000
00339nam a2200145Ia 4500
008
150201s2007 xx 000 0 und d
082
_a
618.1
_b
H09J
100
_a
JAMES,DK
245
_a
HIGH RISK PREGNANCY MGT. OPTIONS
250
_a
3RD
260
_b
ELSEVIER
_a
DELHI
_c
2007
300
_a
1-1791
650
_a
PAEDIATRICS
942
_2
ddc
_c
BK
999
_c
576
_d
576